=LDR 00000nam 2200000 4500 =001 INLIS000000000001643 =005 20130612090038 =008 ***********************************Ind** =035 ##$$0010-061300000001643 =041 ##$$a Ind =082 ##$$a 346.078 =090 ##$$a 346.078, Yan-k =100 ##$$a YANI, Ahmad =245 ##$$a Kepailitan, Ahmad Yani, Gunawan Widjaja =260 ##$$a 1999 $b Jakarta =300 ##$$a xvi, 244 hlm, 21 cm =650 ##$$a Bangkrut - Aspek Hukum =700 ##$$a WIJAYA, Gunawan =850 ##$$a NBPNMAT